Statistics for MLB Teams Best Single Season Winning Percentages

Click here to take the quiz!

General Stats

  • This quiz has been taken 11 times
  • The average score is 9 of 23

Answer Stats

HintAnswer% Correct
1998: 114-48New York Yankees
86%
2001: 116-46Seattle Mariners
86%
2018: 108-54Boston Red Sox
71%
2019: 106-56Los Angeles Dodgers
71%
2019: 107-55Houston Astros
57%
1998: 106-56Atlanta Braves
43%
2016: 103-58Chicago Cubs
43%
2004: 105-57St. Louis Cardinals
43%
1999: 103-59Atlanta Braves
29%
1993: 104-58Atlanta Braves
29%
2017: 102-60Cleveland Indians
29%
2018: 103-59Houston Astros
29%
2017: 104-58Los Angeles Dodgers
29%
2009: 103-59New York Yankees
29%
1990: 103-59Oakland Athletics
29%
2002: 103-59Oakland Athletics
29%
2001: 102-60Oakland Athletics
29%
2011: 102-60Philadelphia Phillies
29%
1993: 103-59San Francisco Giants
29%
1995: 100-44Cleveland Indians
14%
1998: 102-60Houston Astros
14%
2002: 103-58New York Yankees
14%
2019: 103-59New York Yankees
14%

Score Distribution

Percentile by Number Answered

Percent of People with Each Score

Your Score History

You have not taken this quiz